Artificial intelligence in power system optimization / (Record no. 600770)

000 -LEADER
fixed length control field 00311nam a2200109Ia 4500
008 - FIXED-LENGTH DATA ELEMENTS--GENERAL INFORMATION
fixed length control field 230907s9999||||xx |||||||||||||| ||und||
082 ## - DEWEY DECIMAL CLASSIFICATION NUMBER
Classification number 621.31028563
Author Mark ONG
100 ## - MAIN ENTRY--PERSONAL NAME
Personal name Ongsakul, Weerakorn.
9 (RLIN) 115684
245 #0 - TITLE STATEMENT
Title Artificial intelligence in power system optimization /
300 ## - PHYSICAL DESCRIPTION
Extent ix, 510 pages :
942 ## - ADDED ENTRY ELEMENTS (KOHA)
Koha item type Book
Holdings
Withdrawn status Lost status Damaged status Not for loan Permanent Location Current Location Date acquired Total Checkouts Full call number Barcode Date last seen Price effective from Koha item type
        US-Pakistan Center for Advanced Studies in Energy (USPCAS-E) US-Pakistan Center for Advanced Studies in Energy (USPCAS-E) 09/30/2019   621.31028563 ONG CAS-E0004869 09/12/2023 09/12/2023 Book
© 2023 Central Library, National University of Sciences and Technology. All Rights Reserved.